000 00476nam a2200169Ia 4500
008 240729s9999 xx 000 0 und d
022 _a1881-1299
245 0 _aJournal of Chemical Engineering of Japan
260 _aUnited Kingdom
260 _bTaylor & Francis Group
650 _a Chemical engineering
650 _a Chemical technology
650 _aTechnology
856 _uhttps://doaj.org/toc/a307169e0dca4e0893a451e90ccd6790
942 _2ddc
942 _cDOAJEJ
999 _c69252
_d69252
945 _a1
_bMadushi Gamage
_c1
_dMadushi Gamage